[Event "NB II. Toth Laszlo csoport"]
[Site "Kecskemet"]
[Date "2024.03.03"]
[Round "5.2"]
[White "Vamos, Viktor"]
[Black "Varga, Tamas"]
[Result "1/2-1/2"]
[WhiteElo "2144"]
[BlackElo "2165"]
[PlyCount "136"]
[EventDate "2023.10.08"]
[EventType "team-tourn"]
[EventRounds "9"]
[EventCountry "HUN"]
[Source "chess.hu"]
[WhiteTeam "TAKISZ SE"]
[BlackTeam "Bekesi TE"]
[WhiteTeamCountry "HUN"]
[BlackTeamCountry "HUN"]

1. Nf3 b6 2. b3 Bb7 3. e3 e6 4. Bb2 f5 5. g3 Nf6 6. Bg2 g5 7. O-O g4 8. Nh4
Bxg2 9. Kxg2 Rg8 10. Kg1 d5 11. d3 Bh6 12. Nd2 Bg5 13. Ng2 Nbd7 14. f4 gxf3 15.
Nxf3 Ng4 16. Nxg5 Qxg5 17. Qf3 Qh6 18. h4 O-O-O 19. a4 Qg6 20. Nf4 Nge5 21.
Bxe5 Nxe5 22. Nxg6 Nxf3+ 23. Rxf3 Rxg6 24. Kf2 Kd7 25. Rg1 Kd6 26. Rf4 Ke5 27.
Kf3 h5 28. e4 fxe4+ 29. dxe4 d4 30. g4 d3 31. cxd3 Rxd3+ 32. Ke2 Rxb3 33. Rf7
Kxe4 34. g5 Rb2+ 35. Kf1 e5 36. Rxc7 Rd6 37. Rc1 Rbd2 38. g6 Kf3 39. Rc3+ Kf4
40. Rc1 Rd1+ 41. Rxd1 Rxd1+ 42. Kf2 Rd2+ 43. Ke1 Rd8 44. g7 Rg8 45. Rg5 e4 46.
Kf2 e3+ 47. Ke2 Ke4 48. a5 Kd4 49. axb6 axb6 50. Rxh5 Rxg7 51. Rb5 Rg6 52. Rb4+
Kc3 53. Re4 Rg2+ 54. Kxe3 b5 55. Kf4 b4 56. h5 b3 57. Re5 Rf2+ 58. Kg5 Rg2+ 59.
Kf6 Rg4 60. Re3+ Kc2 61. Rxb3 Kxb3 62. h6 Rf4+ 63. Kg7 Rg4+ 64. Kf7 Rf4+ 65.
Kg7 Kc4 66. h7 Rg4+ 67. Kf7 Rh4 68. Kg7 Rxh7+ 1/2-1/2

[Event "NB II. Toth Laszlo csoport"]
[Site "Kecskemet"]
[Date "2024.03.03"]
[Round "5.3"]
[White "Somogyi, Gabor"]
[Black "Horvath, Jozsef"]
[Result "1-0"]
[WhiteElo "1913"]
[BlackElo "2052"]
[PlyCount "99"]
[EventDate "2023.10.08"]
[EventType "team-tourn"]
[EventRounds "9"]
[EventCountry "HUN"]
[Source "chess.hu"]
[WhiteTeam "Bekesi TE"]
[BlackTeam "TAKISZ SE"]
[WhiteTeamCountry "HUN"]
[BlackTeamCountry "HUN"]

1. d4 d5 2. Nf3 g6 3. g3 Bg7 4. Bg2 Nf6 5. O-O O-O 6. Bf4 c6 7. c3 Nbd7 8. Be5
Nxe5 9. Nxe5 Nd7 10. Nxd7 Bxd7 11. Nd2 Qb6 12. Qb3 Qxb3 13. Nxb3 b6 14. e4 dxe4
15. Bxe4 Rac8 16. Rfe1 Rfe8 17. Rad1 Kf8 18. Bf3 a5 19. Nd2 Rc7 20. Nc4 Rb8 21.
Ne5 Be8 22. Nd3 Rd8 23. Ne5 f6 24. Nd3 Bf7 25. b3 Rd6 26. Nb2 Rd8 27. Nd3 g5
28. Nb2 h6 29. Nc4 Rb8 30. d5 cxd5 31. Bxd5 Bh5 32. Rc1 Rc5 33. Be6 Bf7 34.
Bxf7 Kxf7 35. Rcd1 Rc7 36. Rd3 a4 37. Ne3 e6 38. Red1 axb3 39. axb3 Rbb7 40.
Nc4 Bf8 41. Nd2 Ra7 42. c4 Ra3 43. Nb1 Ra1 44. Nc3 Rca7 45. Na4 Rxd1+ 46. Rxd1
Rb7 47. Nc3 Bb4 48. Nb5 Ke7 49. Kf1 Rb8 50. Na7 1-0

[Event "NB II. Toth Laszlo csoport"]
[Site "Kecskemet"]
[Date "2024.03.03"]
[Round "5.6"]
[White "Szili, Istvan"]
[Black "Vertes, Imre"]
[Result "1/2-1/2"]
[WhiteElo "1966"]
[BlackElo "1877"]
[PlyCount "20"]
[EventDate "2023.10.08"]
[EventType "team-tourn"]
[EventRounds "9"]
[EventCountry "HUN"]
[Source "chess.hu"]
[WhiteTeam "TAKISZ SE"]
[BlackTeam "Bekesi TE"]
[WhiteTeamCountry "HUN"]
[BlackTeamCountry "HUN"]

1. e4 b6 2. d4 Bb7 3. Bd3 g6 4. Nf3 Bg7 5. O-O e6 6. Re1 Ne7 7. c3 O-O 8. Be3
d6 9. Nbd2 Nd7 10. h3 Re8 1/2-1/2

[Event "NB II. Toth Laszlo csoport"]
[Site "Kecskemet"]
[Date "2024.03.03"]
[Round "5.8"]
[White "Keresztes, Zoltan"]
[Black "Balog, Imre"]
[Result "0-1"]
[WhiteElo "1902"]
[BlackElo "1858"]
[PlyCount "72"]
[EventDate "2023.10.08"]
[EventType "team-tourn"]
[EventRounds "9"]
[EventCountry "HUN"]
[Source "chess.hu"]
[WhiteTeam "TAKISZ SE"]
[BlackTeam "Bekesi TE"]
[WhiteTeamCountry "HUN"]
[BlackTeamCountry "HUN"]

1. d4 d5 2. c4 e6 3. Nf3 Nf6 4. Nc3 Be7 5. Bg5 O-O 6. e3 b6 7. Bd3 Bb7 8. O-O
Nbd7 9. Rc1 c5 10. Qe2 Rc8 11. Rfd1 Ne4 12. Bxe7 Qxe7 13. cxd5 Nxc3 14. Rxc3
Bxd5 15. Rdc1 Rcd8 16. Bb5 Bxf3 17. Qxf3 cxd4 18. exd4 Qb4 19. Rb3 Qd6 20. Rd1
Nf6 21. Be2 Nd5 22. g3 g6 23. a3 Rc8 24. Qe4 Rfd8 25. Rf3 Rc7 26. Bf1 Rdc8 27.
Ba6 Rc1 28. Qe1 Rxd1 29. Qxd1 Rc7 30. Qd2 Qc6 31. Bf1 Qa4 32. Qg5 Rc8 33. Qh6
Qd1 34. Rxf7 Kxf7 35. Qxh7+ Kf6 36. Qh8+ Rxh8 0-1

[Event "NB II. Toth Laszlo csoport"]
[Site "Kecskemet"]
[Date "2024.03.03"]
[Round "5.9"]
[White "Jozaf, Csaba"]
[Black "Marton, Attila"]
[Result "0-1"]
[WhiteElo "1941"]
[BlackElo "1886"]
[PlyCount "36"]
[EventDate "2023.10.08"]
[EventType "team-tourn"]
[EventRounds "9"]
[EventCountry "HUN"]
[Source "chess.hu"]
[WhiteTeam "Bekesi TE"]
[BlackTeam "TAKISZ SE"]
[WhiteTeamCountry "HUN"]
[BlackTeamCountry "HUN"]

1. Nf3 Nf6 2. c4 c5 3. Nc3 Nc6 4. d4 cxd4 5. Nxd4 e5 6. Ndb5 d6 7. Nd5 Nxd5 8.
cxd5 Qa5+ 9. Nc3 Ne7 10. e4 a6 11. Qb3 f5 12. f3 b5 13. Be3 Bd7 14. Kf2 b4 15.
Ne2 Ba4 16. Qd3 f4 17. Bd2 Qc5+ 18. Ke1 Bc2 0-1

[Event "NB II. Toth Laszlo csoport"]
[Site "Kecskemet"]
[Date "2024.03.03"]
[Round "5.10"]
[White "Meljan, David"]
[Black "Kovacs, Sandor Zoltan"]
[Result "1-0"]
[WhiteElo "1880"]
[BlackElo "1776"]
[PlyCount "47"]
[EventDate "2023.10.08"]
[EventType "team-tourn"]
[EventRounds "9"]
[EventCountry "HUN"]
[Source "chess.hu"]
[WhiteTeam "TAKISZ SE"]
[BlackTeam "Bekesi TE"]
[WhiteTeamCountry "HUN"]
[BlackTeamCountry "HUN"]

1. d4 Nf6 2. c4 c6 3. Nc3 d5 4. Nf3 g6 5. Bg5 Bg7 6. e3 O-O 7. Be2 dxc4 8. Bxc4
Nbd7 9. O-O h6 10. Bh4 Qb6 11. Qc2 e6 12. a3 Qa5 13. b4 Qh5 14. Ne2 g5 15. Ng3
Qg6 16. Bd3 Ne4 17. Nxe4 f5 18. Nexg5 hxg5 19. Bxg5 Kh8 20. Bf4 Rg8 21. Bg3 Nf6
22. Ne5 Qe8 23. e4 Nh5 24. exf5 1-0

[Event "NB II. Toth Laszlo csoport"]
[Site "Gyula"]
[Date "2024.03.03"]
[Round "5.1"]
[White "Csizmadia, Laszlo"]
[Black "Oltean, Cristian-Daniel"]
[Result "1/2-1/2"]
[WhiteElo "2317"]
[BlackElo "2075"]
[PlyCount "77"]
[EventDate "2023.10.08"]
[EventType "team-tourn"]
[EventRounds "9"]
[EventCountry "HUN"]
[Source "chess.hu"]
[WhiteTeam "Maroczy SE II."]
[BlackTeam "Gyulai SE"]
[WhiteTeamCountry "HUN"]
[BlackTeamCountry "HUN"]

1. d4 d5 2. c4 e6 3. Nc3 c5 4. cxd5 exd5 5. Nf3 Nc6 6. g3 Nf6 7. Bg2 cxd4 8.
Nxd4 Bc5 9. Nb3 Bb6 10. O-O d4 11. Na4 O-O 12. Bg5 Be6 13. Nbc5 Bxc5 14. Nxc5
Qb6 15. Rc1 Nd5 16. Qd2 Rfe8 17. Nxe6 fxe6 18. Rc4 h6 19. Bh4 Qc7 20. g4 Qf4
21. Qxf4 Nxf4 22. Bxc6 Nxe2+ 23. Kg2 bxc6 24. Kf3 d3 25. Ke3 e5 26. Kxd3 Nf4+
27. Ke4 g5 28. Bg3 Rad8 29. Rxc6 Rd2 30. Rxh6 Kg7 31. Rh5 Nxh5 32. gxh5 Rxb2
33. Kf5 Kh6 34. h4 gxh4 35. Bxh4 Rxa2 36. Bg5+ Kh7 37. Be3 a5 38. Rc1 Rf8+ 39.
Kxe5 1/2-1/2

[Event "NB II. Toth Laszlo csoport"]
[Site "Gyula"]
[Date "2024.03.03"]
[Round "5.2"]
[White "Tamas, Kornel"]
[Black "Koszta, Benedek"]
[Result "1/2-1/2"]
[WhiteElo "1983"]
[BlackElo "2117"]
[PlyCount "117"]
[EventDate "2023.10.08"]
[EventType "team-tourn"]
[EventRounds "9"]
[EventCountry "HUN"]
[Source "chess.hu"]
[WhiteTeam "Gyulai SE"]
[BlackTeam "Maroczy SE II."]
[WhiteTeamCountry "HUN"]
[BlackTeamCountry "HUN"]

1. e4 c5 2. Nf3 d6 3. Bb5+ Nd7 4. d4 cxd4 5. Qxd4 a6 6. Bxd7+ Bxd7 7. Nc3 Nf6
8. Bg5 Qa5 9. O-O-O Bg4 10. Bxf6 gxf6 11. h3 Bxf3 12. gxf3 Rc8 13. Kb1 Bh6 14.
Nd5 Bf8 15. Rd3 Qc5 16. Qxc5 Rxc5 17. Rb3 b5 18. Ra3 e6 19. Nxf6+ Ke7 20. Ng4
Rc6 21. Re1 Rg8 22. Ne3 Kd7 23. Rd3 h5 24. f4 Bh6 25. f5 Bf4 26. c3 Rc5 27.
Red1 Ke7 28. fxe6 fxe6 29. Nc2 Rg2 30. Rf3 Bh6 31. Nb4 a5 32. Nd3 Rc8 33. Nf4
Rf8 34. Rg3 Rxg3 35. fxg3 Bxf4 36. gxf4 Rxf4 37. Rd4 d5 38. a4 bxa4 39. exd5
Rxd4 40. cxd4 exd5 41. Ka2 Kf6 42. Ka3 Kf5 43. Kxa4 Ke4 44. Kxa5 Kxd4 45. b4
Ke3 46. b5 d4 47. b6 d3 48. b7 d2 49. b8=Q d1=Q 50. Qg3+ Qf3 51. Qe5+ Kf2 52.
Qh2+ Kf1 53. h4 Qg4 54. Kb5 Qe2+ 55. Qxe2+ Kxe2 56. Kc4 Kf3 57. Kd3 Kg3 58. Ke3
Kxh4 59. Kf4 1/2-1/2

[Event "NB II. Toth Laszlo csoport"]
[Site "Gyula"]
[Date "2024.03.03"]
[Round "5.3"]
[White "Kevei, Peter"]
[Black "Gombos, Janos"]
[Result "1/2-1/2"]
[WhiteElo "2134"]
[BlackElo "1974"]
[PlyCount "86"]
[EventDate "2023.10.08"]
[EventType "team-tourn"]
[EventRounds "9"]
[EventCountry "HUN"]
[Source "chess.hu"]
[WhiteTeam "Maroczy SE II."]
[BlackTeam "Gyulai SE"]
[WhiteTeamCountry "HUN"]
[BlackTeamCountry "HUN"]

1. e4 d5 2. exd5 Qxd5 3. Nc3 Qa5 4. d4 Nf6 5. Nf3 Bg4 6. h3 Bxf3 7. Qxf3 c6 8.
Bd2 Nbd7 9. Bc4 e6 10. Nd5 Qd8 11. Nf4 Bd6 12. O-O-O Bxf4 13. Bxf4 Nb6 14. Bd3
Qd5 15. Qxd5 Nbxd5 16. Bd2 O-O-O 17. a4 Nc7 18. c4 Rxd4 19. Be3 Rd7 20. Bxa7
Rhd8 21. Bc2 Rxd1+ 22. Bxd1 Na6 23. Bb6 Rd7 24. Bf3 Nb4 25. Rd1 Nd3+ 26. Kc2
Ne5 27. Be2 Rxd1 28. Kxd1 Ned7 29. Be3 b6 30. Kc2 Kb7 31. g4 h6 32. f4 Ne4 33.
Bf3 Nd6 34. Kc3 f6 35. b4 Kc7 36. c5 bxc5 37. bxc5 Nc8 38. Be2 e5 39. Ba6 Ne7
40. fxe5 Nxe5 41. Kd4 Nd5 42. Bf2 Nf3+ 43. Ke4 Ng5+ 1/2-1/2

[Event "NB II. Toth Laszlo csoport"]
[Site "Gyula"]
[Date "2024.03.03"]
[Round "5.4"]
[White "Campeanu, Alin-Vivian"]
[Black "Papp, Balazs"]
[Result "1/2-1/2"]
[WhiteElo "1902"]
[BlackElo "2035"]
[PlyCount "78"]
[EventDate "2023.10.08"]
[EventType "team-tourn"]
[EventRounds "9"]
[EventCountry "HUN"]
[Source "chess.hu"]
[WhiteTeam "Gyulai SE"]
[BlackTeam "Maroczy SE II."]
[WhiteTeamCountry "HUN"]
[BlackTeamCountry "HUN"]

1. Nf3 d5 2. c4 c6 3. b3 Nf6 4. Bb2 Bf5 5. g3 h6 6. Bg2 e6 7. O-O Be7 8. d3 O-O
9. Nbd2 Nbd7 10. Rc1 Bh7 11. Rc2 c5 12. cxd5 exd5 13. Qa1 Re8 14. Re1 a5 15. e4
d4 16. a4 Rc8 17. Nc4 Nb8 18. h3 Nc6 19. Ba3 Nd7 20. Nfd2 Nde5 21. Bf1 g5 22.
Qd1 Bg6 23. f4 gxf4 24. gxf4 Nxc4 25. Nxc4 Bh4 26. Rg2 Kh8 27. Qc1 Bxe1 28. f5
Bh7 29. Qxe1 Qf6 30. Bxc5 Rg8 31. Qf2 Rxg2+ 32. Bxg2 Rg8 33. Nd6 Qg7 34. Nxb7
Ne5 35. Bxd4 Nf3+ 36. Qxf3 Qxd4+ 37. Kh1 Rc8 38. Qf4 Qf6 39. Nd6 Rg8 1/2-1/2

[Event "NB II. Toth Laszlo csoport"]
[Site "Gyula"]
[Date "2024.03.03"]
[Round "5.5"]
[White "Toth, Daniel"]
[Black "Banyai, Istvan"]
[Result "1-0"]
[WhiteElo "2056"]
[BlackElo "1967"]
[PlyCount "79"]
[EventDate "2023.10.08"]
[EventType "team-tourn"]
[EventRounds "9"]
[EventCountry "HUN"]
[Source "chess.hu"]
[WhiteTeam "Maroczy SE II."]
[BlackTeam "Gyulai SE"]
[WhiteTeamCountry "HUN"]
[BlackTeamCountry "HUN"]

1. d4 d5 2. c4 c6 3. Nc3 e6 4. Nf3 Nf6 5. Bg5 Be7 6. e3 Nbd7 7. Rc1 O-O 8. Bd3
h6 9. Bh4 Re8 10. O-O a6 11. cxd5 exd5 12. Bf5 Ne4 13. Nxe4 dxe4 14. Bxe7 Qxe7
15. Nd2 Nf6 16. Rc5 Bxf5 17. Rxf5 Qe6 18. Ra5 Rad8 19. Nb3 Qe7 20. Rc5 Nd7 21.
Rc3 Qg5 22. Nd2 Nf6 23. Qb3 Re7 24. Rfc1 h5 25. Rc5 Qh4 26. h3 Nd5 27. Nc4 Kh7
28. Nb6 Nxb6 29. Qxb6 Rdd7 30. Rf5 g6 31. Rf4 Qg5 32. Rc5 Rd5 33. h4 Qh6 34.
Rxd5 cxd5 35. Qd8 g5 36. hxg5 Qe6 37. Rf6 Re8 38. Qc7 Re7 39. Qb8 Qg4 40. Rh6+
1-0

[Event "NB II. Toth Laszlo csoport"]
[Site "Gyula"]
[Date "2024.03.03"]
[Round "5.6"]
[White "Cretu, Sorin-Alexandru"]
[Black "Vidakovics, Istvan"]
[Result "0-1"]
[WhiteElo "1842"]
[BlackElo "2073"]
[PlyCount "158"]
[EventDate "2023.10.08"]
[EventType "team-tourn"]
[EventRounds "9"]
[EventCountry "HUN"]
[Source "chess.hu"]
[WhiteTeam "Gyulai SE"]
[BlackTeam "Maroczy SE II."]
[WhiteTeamCountry "HUN"]
[BlackTeamCountry "HUN"]

1. e4 Nf6 2. e5 Nd5 3. c4 Nb6 4. Nc3 d6 5. d4 dxe5 6. dxe5 Qxd1+ 7. Kxd1 c6 8.
Be3 Bf5 9. h3 e6 10. a3 N8d7 11. Nf3 Bc5 12. b4 Bxe3 13. fxe3 a5 14. e4 axb4
15. exf5 bxc3 16. fxe6 fxe6 17. Kc2 Na4 18. Bd3 O-O 19. Rhe1 Ndc5 20. Bf1 Rad8
21. Rad1 h6 22. Rxd8 Rxd8 23. Rd1 Rxd1 24. Kxd1 Kf7 25. Kc2 Ke7 26. Nd4 Nd7 27.
Nf3 Ndc5 28. Nd4 Kf7 29. Be2 Kg6 30. Bg4 Kf7 31. Bh5+ Ke7 32. Bg6 Nd7 33. Nf3
Nxe5 34. Nxe5 Kf6 35. Nxc6 Kxg6 36. Nd8 Nc5 37. Kxc3 Kf5 38. Kd4 b6 39. g3 Nb3+
40. Ke3 Ke5 41. Nf7+ Kf6 42. Nd6 Na5 43. Ke4 Nb3 44. Nc8 Nc5+ 45. Kd4 e5+ 46.
Kd5 Na4 47. Nd6 Nc3+ 48. Kc6 e4 49. Nxe4+ Nxe4 50. Kxb6 Nc3 51. c5 Ke6 52. Kb7
Na4 53. c6 Kd6 54. c7 Nc5+ 55. Kb8 Na6+ 56. Kb7 Nxc7 57. a4 g5 58. g4 Kd7 59.
Kb6 Kd6 60. Kb7 Nd5 61. a5 Nb4 62. Kb6 Nc6 63. a6 Nb4 64. a7 Nd5+ 65. Kb7 Nc7
66. Kb6 Na8+ 67. Kb7 Kd7 68. Kb8 Kc6 69. Kc8 Kb6 70. Kb8 Kc6 71. Kc8 Nb6+ 72.
Kb8 Kb5 73. Kb7 Ka5 74. a8=Q+ Nxa8 75. Kxa8 Kb6 76. Kb8 Kc6 77. Kc8 Kd6 78. Kd8
Ke5 79. Ke7 Kf4 0-1

[Event "NB II. Toth Laszlo csoport"]
[Site "Gyula"]
[Date "2024.03.03"]
[Round "5.7"]
[White "Linczer, Janos"]
[Black "Jako, Robert"]
[Result "1-0"]
[WhiteElo "2071"]
[BlackElo "1866"]
[PlyCount "67"]
[EventDate "2023.10.08"]
[EventType "team-tourn"]
[EventRounds "9"]
[EventCountry "HUN"]
[Source "chess.hu"]
[WhiteTeam "Maroczy SE II."]
[BlackTeam "Gyulai SE"]
[WhiteTeamCountry "HUN"]
[BlackTeamCountry "HUN"]

1. e4 d5 2. exd5 Nf6 3. Nf3 Nxd5 4. d4 g6 5. Be2 Bg7 6. O-O O-O 7. c4 Nf6 8.
Nc3 b6 9. Ne5 Bb7 10. Bf3 c6 11. Be3 Nfd7 12. Nxd7 Nxd7 13. Qd2 Re8 14. Rad1
Qc7 15. b3 Rad8 16. Qc1 a5 17. a4 e6 18. Bf4 e5 19. Bg3 Qc8 20. Ne4 Nf6 21. Bh4
Qf5 22. Bxf6 Bxf6 23. dxe5 Bxe5 24. c5 Ba6 25. Rfe1 b5 26. Nd6 Bxd6 27. Rxe8+
Rxe8 28. cxd6 Qe6 29. Bxc6 Rd8 30. d7 b4 31. Re1 Qf6 32. Qc5 Bc8 33. Re8+ Kg7
34. Qf8# 1-0

[Event "NB II. Toth Laszlo csoport"]
[Site "Gyula"]
[Date "2024.03.03"]
[Round "5.8"]
[White "Solymosi, Ferenc"]
[Black "Borus, Andras"]
[Result "1/2-1/2"]
[WhiteElo "1915"]
[BlackElo "1980"]
[PlyCount "71"]
[EventDate "2023.10.08"]
[EventType "team-tourn"]
[EventRounds "9"]
[EventCountry "HUN"]
[Source "chess.hu"]
[WhiteTeam "Gyulai SE"]
[BlackTeam "Maroczy SE II."]
[WhiteTeamCountry "HUN"]
[BlackTeamCountry "HUN"]

1. Nf3 g6 2. g3 d6 3. c4 e5 4. Nc3 Bg7 5. Bg2 Nc6 6. d3 Nge7 7. O-O h6 8. Rb1
Be6 9. b4 Qd7 10. b5 Nd8 11. a4 Bh3 12. d4 Bxg2 13. Kxg2 exd4 14. Nxd4 O-O 15.
e3 Ne6 16. Ba3 Rfe8 17. Nce2 Rad8 18. Qc2 b6 19. Rfd1 Qc8 20. Nb3 Ng5 21. Nf4
Nf5 22. Re1 Nh4+ 23. Kh1 Nhf3 24. Red1 Re4 25. Nd2 Rxf4 26. exf4 Qh3 27. Nf1
Nxh2 28. fxg5 Nxf1+ 29. Kg1 Nxg3 30. fxg3 Qxg3+ 31. Qg2 Qxa3 32. gxh6 Bxh6 33.
Qe4 Qg3+ 34. Kf1 Qh3+ 35. Qg2 Qf5+ 36. Qf2 1/2-1/2

[Event "NB II. Toth Laszlo csoport"]
[Site "Gyula"]
[Date "2024.03.03"]
[Round "5.9"]
[White "Ohat, Imre"]
[Black "Budai, Mate"]
[Result "1-0"]
[WhiteElo "1962"]
[BlackElo "1658"]
[PlyCount "63"]
[EventDate "2023.10.08"]
[EventType "team-tourn"]
[EventRounds "9"]
[EventCountry "HUN"]
[Source "chess.hu"]
[WhiteTeam "Maroczy SE II."]
[BlackTeam "Gyulai SE"]
[WhiteTeamCountry "HUN"]
[BlackTeamCountry "HUN"]

1. d4 d5 2. Nf3 Bf5 3. e3 a6 4. Bd3 Bg6 5. c3 Nf6 6. Qc2 e6 7. Nbd2 Nc6 8. e4
dxe4 9. Nxe4 Nxe4 10. Bxe4 Bxe4 11. Qxe4 Qd5 12. Qe2 Be7 13. O-O O-O-O 14. b4
Bf6 15. a4 Na7 16. Rb1 c6 17. c4 Qf5 18. Be3 b5 19. axb5 cxb5 20. d5 exd5 21.
cxd5 Rhe8 22. Qa2 Kb7 23. Rfd1 Nc8 24. Rbc1 Rd6 25. Bc5 Rd7 26. Rd2 Be7 27. Ra1
Bxc5 28. Qxa6+ Kb8 29. Qa8+ Kc7 30. bxc5 Qf6 31. Ra6 Qf5 32. Rc6+ 1-0

[Event "NB II. Toth Laszlo csoport"]
[Site "Gyula"]
[Date "2024.03.03"]
[Round "5.10"]
[White "Major, Peter"]
[Black "Bernath, Robert"]
[Result "1/2-1/2"]
[WhiteElo "1640"]
[BlackElo "1914"]
[PlyCount "39"]
[EventDate "2023.10.08"]
[EventType "team-tourn"]
[EventRounds "9"]
[EventCountry "HUN"]
[Source "chess.hu"]
[WhiteTeam "Gyulai SE"]
[BlackTeam "Maroczy SE II."]
[WhiteTeamCountry "HUN"]
[BlackTeamCountry "HUN"]

1. e4 e5 2. f4 exf4 3. Nf3 Nf6 4. e5 Nh5 5. Bc4 d5 6. exd6 Bxd6 7. O-O O-O 8.
d4 Nc6 9. Nc3 Bg4 10. Ne4 g6 11. c3 Qe7 12. Nf2 Bxf3 13. Qxf3 Rae8 14. Nh3 Qh4
15. Nxf4 Nxf4 16. Bxf4 Bxf4 17. Qxf4 Qxf4 18. Rxf4 Kg7 19. Raf1 f6 20. Bb5
1/2-1/2

[Event "NB II. Toth Laszlo csoport"]
[Site "Gyula"]
[Date "2024.03.03"]
[Round "5.11"]
[White "Szamko, Hanna"]
[Black "Gyenge, Gergo"]
[Result "1-0"]
[WhiteElo "1801"]
[BlackElo "1681"]
[PlyCount "71"]
[EventDate "2023.10.08"]
[EventType "team-tourn"]
[EventRounds "9"]
[EventCountry "HUN"]
[Source "chess.hu"]
[WhiteTeam "Maroczy SE II."]
[BlackTeam "Gyulai SE"]
[WhiteTeamCountry "HUN"]
[BlackTeamCountry "HUN"]

1. d4 d5 2. c4 dxc4 3. Nc3 Nf6 4. e4 e6 5. Bg5 h6 6. Bh4 Be7 7. Bxf6 Bxf6 8. e5
Be7 9. Bxc4 O-O 10. Nge2 Nc6 11. O-O a6 12. Bb3 Na5 13. Bc2 Nc4 14. Qd3 g6 15.
Qxc4 b5 16. Qd3 Bb7 17. Qe3 Bg5 18. f4 Be7 19. Be4 c6 20. Rac1 Qc7 21. Nd1 Qb6
22. Kh1 Rac8 23. Rf3 Kg7 24. Rg3 Kh7 25. Nf2 Bh4 26. Rh3 Be7 27. Ng4 h5 28.
Rxh5+ Kg7 29. Rh6 c5 30. Bxb7 cxd4 31. Qd2 Qxb7 32. Rh3 b4 33. f5 g5 34. f6+
Kg6 35. Qd3+ Qe4 36. Qxe4# 1-0

[Event "NB II. Toth Laszlo csoport"]
[Site "Oroshaza"]
[Date "2024.03.10"]
[Round "6.1"]
[White "Csizmadia, Laszlo"]
[Black "Kunos, Zoltan"]
[Result "1-0"]
[WhiteElo "2317"]
[BlackElo "2055"]
[PlyCount "105"]
[EventDate "2023.10.08"]
[EventType "team-tourn"]
[EventRounds "9"]
[EventCountry "HUN"]
[Source "chess.hu"]
[WhiteTeam "Maroczy SE II."]
[BlackTeam "Oroshazi SE"]
[WhiteTeamCountry "HUN"]
[BlackTeamCountry "HUN"]

1. d4 Nf6 2. c4 e6 3. Nc3 d5 4. Bg5 Be7 5. e3 O-O 6. Nf3 b6 7. cxd5 Nxd5 8.
Bxe7 Qxe7 9. Nxd5 exd5 10. Rc1 Ba6 11. Bxa6 Nxa6 12. O-O Qd7 13. Qd3 Nb4 14.
Qb3 a5 15. a3 Na6 16. Ne5 Qd6 17. Rc6 Qd8 18. Rfc1 Kh8 19. h4 f6 20. Nd3 Qd7
21. Nf4 Rfd8 22. Ne6 Rdc8 23. Qb5 Re8 24. Nf4 Nb8 25. Qxd5 Qxd5 26. Nxd5 Nxc6
27. Rxc6 Rac8 28. Rc3 Kg8 29. Kf1 Kf7 30. Ke2 Red8 31. Nxc7 Rd7 32. Nb5 Rxc3
33. bxc3 g5 34. hxg5 fxg5 35. g4 Ke6 36. c4 Rf7 37. f3 h6 38. e4 Rf8 39. e5 Rf4
40. Ke3 Kd7 41. Nc3 Rf8 42. Nd5 Rb8 43. a4 Kc6 44. Ke4 Rf8 45. Ne7+ Kd7 46. Nf5
Rc8 47. Kd5 Rc6 48. Nd6 Rc7 49. e6+ Ke7 50. Nf5+ Ke8 51. Kd6 Rh7 52. e7 Rf7 53.
Ke6 1-0

[Event "NB II. Toth Laszlo csoport"]
[Site "Oroshaza"]
[Date "2024.03.10"]
[Round "6.2"]
[White "Kakuk, Sandor"]
[Black "Kelemen, David"]
[Result "1/2-1/2"]
[WhiteElo "2048"]
[BlackElo "2122"]
[PlyCount "25"]
[EventDate "2023.10.08"]
[EventType "team-tourn"]
[EventRounds "9"]
[EventCountry "HUN"]
[Source "chess.hu"]
[WhiteTeam "Oroshazi SE"]
[BlackTeam "Maroczy SE II."]
[WhiteTeamCountry "HUN"]
[BlackTeamCountry "HUN"]

1. e4 e5 2. Nf3 Nc6 3. Bc4 Nf6 4. Ng5 d5 5. exd5 Na5 6. Bb5+ c6 7. dxc6 bxc6 8.
Be2 h6 9. Nf3 e4 10. Ne5 Bc5 11. c3 Bd6 12. d4 Qc7 13. O-O 1/2-1/2

[Event "NB II. Toth Laszlo csoport"]
[Site "Oroshaza"]
[Date "2024.03.10"]
[Round "6.3"]
[White "Pap, Andras"]
[Black "Gyori, Szabolcs"]
[Result "1/2-1/2"]
[WhiteElo "2166"]
[BlackElo "2100"]
[PlyCount "70"]
[EventDate "2023.10.08"]
[EventType "team-tourn"]
[EventRounds "9"]
[EventCountry "HUN"]
[Source "chess.hu"]
[WhiteTeam "Maroczy SE II."]
[BlackTeam "Oroshazi SE"]
[WhiteTeamCountry "HUN"]
[BlackTeamCountry "HUN"]

1. c4 e5 2. Nc3 Nf6 3. g3 d5 4. cxd5 Nxd5 5. Bg2 Nf6 6. Nf3 Nc6 7. O-O Be7 8.
a3 a5 9. d3 O-O 10. Be3 Bf5 11. Rc1 Qd7 12. Na4 Bh3 13. Qb3 Bxg2 14. Kxg2 Rab8
15. Qb5 Qd5 16. Nc3 Qxb5 17. Nxb5 Rbc8 18. Rc4 Nd5 19. Bc5 Bxc5 20. Rxc5 Rfd8
21. Rfc1 f6 22. Nd2 Nb6 23. Ne4 Na4 24. R5c2 Rd5 25. Nec3 Nxc3 26. Nxc3 Rc5 27.
Ne4 Rxc2 28. Rxc2 Nd4 29. Rc4 c6 30. e3 Ne6 31. Kf1 Rd8 32. Ke2 Rd5 33. Nc3 Rd8
34. Ne4 Rd5 35. Nc3 Rd8 1/2-1/2

[Event "NB II. Toth Laszlo csoport"]
[Site "Oroshaza"]
[Date "2024.03.10"]
[Round "6.4"]
[White "Kulcsar, Jozsef"]
[Black "Papp Z., Csaba"]
[Result "1/2-1/2"]
[WhiteElo "1986"]
[BlackElo "2116"]
[PlyCount "45"]
[EventDate "2023.10.08"]
[EventType "team-tourn"]
[EventRounds "9"]
[EventCountry "HUN"]
[Source "chess.hu"]
[WhiteTeam "Oroshazi SE"]
[BlackTeam "Maroczy SE II."]
[WhiteTeamCountry "HUN"]
[BlackTeamCountry "HUN"]

1. f4 d5 2. Nf3 Nf6 3. e3 c5 4. b3 Nc6 5. Bb5 Bd7 6. Bb2 e6 7. O-O Be7 8. d3
O-O 9. Bxc6 Bxc6 10. Ne5 Rc8 11. Nd2 b6 12. Nxc6 Rxc6 13. Qf3 Ne8 14. e4 dxe4
15. Nxe4 Rc7 16. f5 exf5 17. Qxf5 Rc6 18. Rae1 Rg6 19. Re3 Nc7 20. Rg3 Ne6 21.
Rxg6 hxg6 22. Qe5 Qc7 23. Qxc7 1/2-1/2